Sonata para un pretendiente /

Detalles Bibliográficos
Autor principal: García Maldonado, Rafael, 1981- (Autor)
Otros Autores: Martínez Sojos, Mónica (Traductor), Pilco Luzuriaga, James, 1965- (Ilustrador)
Formato: Electrónico eBook
Lenguaje:español
Publicado: Cuenca, Ecuador : Universidad del Azuay, Casa Editora, [2022]
Materias:
Acceso en línea:Digitalia Hispánica

MARC

LEADER 00000nam a2200000 i 4500
001 DIGUAZUAY0028
003 NyNyDIG
007 cr |||||||||||
008 260113s2022 ec a o 000 j spa d
006 m o d
035 |a (OCoLC)1569883560 
040 |a DGITA  |b eng  |e rda  |e pn  |c DGITA 
020 |a 9789978325780  |q eBook 
020 |z 9789978325766 
050 1 4 |a PQ6707.A357423 ebook 
100 1 |a García Maldonado, Rafael,  |d 1981-  |e author. 
245 1 0 |a Sonata para un pretendiente /  |c Rafael García Maldonado ; ilustraciones por James Pilco ; traducción al inglés por Mónica Martínez Sojos. 
264 1 |a Cuenca, Ecuador :  |b Universidad del Azuay, Casa Editora,  |c [2022] 
300 |a 1 online resource :  |b illustrations. 
336 |a text  |b txt  |2 rdacontent 
337 |a computer  |b c  |2 rdamedia 
338 |a online resource  |b cr  |2 rdacarrier 
347 |a text file  |2 rdaft 
347 |b PDF 
588 0 |a Online resource; title from PDF title page (Digitalia, viewed January 13, 2026) 
655 7 |a Fiction.  |2 lcgft 
655 7 |a Short stories.  |2 lcgft 
700 1 |a Martínez Sojos, Mónica,  |e translator. 
700 1 |a Pilco Luzuriaga, James,  |d 1965-  |e illustrator. 
791 2 |a Digitalia (Firm),  |e distributor. 
793 0 |g Digitalia eBook Collection:  |a Universidad del Azuay 
776 0 8 |i Print version:  |a García Maldonado, Rafael, 1981-  |t Sonata para un pretendiente.  |d Cuenca, Ecuador : Universidad del Azuay, Casa Editora, [2022]  |z 9789978325766 
856 4 0 |3 Digitalia Hispánica  |u https://www.digitaliapublishing.com/a/133411/ 
910 |a Premium collection: 2026